THE PHILOSOPHY OF COMMUNISM /

INCLUYE BIBLIOGRAFIA

-д хадгалсан:
Номзүйн дэлгэрэнгүй
Үндсэн зохиолч: Fadden, Charles J. (autor)
Формат: Ном
Нөхцлүүд:
Шошгууд: Шошго нэмэх
Шошго байхгүй, Энэхүү баримтыг шошголох эхний хүн болох!

MARC

LEADER 00000nam^a2200000^a^4500
001 000241764
005 20250521000000.0
009 20260310105229.009
035 |a 062839 
037 |a Acervo Xavier Clavigero 
082 |a 335. 401  |b FAD 
100 |a Fadden, Charles J.  |e (autor) 
245 1 4 |a THE PHILOSOPHY OF COMMUNISM /  |c CHARLES J. MC FADDEN 
264 |a NEW YORK :  |b BENZIGER BROTHERS,  |c 1939 
300 |a 345 p. 
336 |a texto  |b txt  |2 rdacontenido 
337 |a sin mediación  |b n  |2 rdamedio 
338 |a volumen  |b nc  |2 rdasoporte 
520 |a INCLUYE BIBLIOGRAFIA 
649 |a XX 
650 |a Comunismo -  |x Filosofía 
910 |a Fondo General 
920 |a Impresos - Libros 
930 |a Colección General 
905 |a 101 
901 |a 062839  |b IT1  |c ACC  |i 062839  |u 20250521 
902 |a https://opac.biblio.iteso.mx/vufind/Record/000241764